Constructing language processors for little languages
Αποθηκεύτηκε σε:
| Κύριος συγγραφέας: | |
|---|---|
| Μορφή: | Βιβλίο |
| Γλώσσα: | English |
| Δημοσίευση: |
New York :
Wiley,
c1994
|
| Θέματα: | |
| Ετικέτες: |
Προσθήκη ετικέτας
Δεν υπάρχουν, Καταχωρήστε ετικέτα πρώτοι!
|
MARC
| LEADER | 00000nam a2200000 i 4500 | ||
|---|---|---|---|
| 001 | 1/4489 | ||
| 008 | 000529s1994 eng d | ||
| 020 | |a 0471597546 | ||
| 035 | |l 10061215 | ||
| 040 | |a GR-MY-UA |b gre |e aacr | ||
| 041 | 0 | |a eng | |
| 082 | 0 | |a 005.453 | |
| 100 | 1 | |a Kaplan, Randy M. | |
| 245 | 1 | 0 | |a Constructing language processors for little languages / |c Randy M. Kaplan |
| 260 | |a New York : |b Wiley, |c c1994 | ||
| 300 | |a x, 452 p.; |b ill.; |c 24 cm.+ |e 1 computer disk (3 1/2 in.) | ||
| 500 | |a System requirements for computer disk: IBM PC; MS-DOS 5.0; Microsoft C 6.0A, Microsoft Visual C++ 1.0; Borland Turbo C++ 4.0, or Symantec C++ 6.0 | ||
| 504 | |a Includes bibliographical references and index | ||
| 650 | 0 | 0 | |a Compilers (Computer programs) |
| 852 | |a INST |b SAMOS |e 20000529 |h 005.453 KAP |p 005300015405 |q 005300015405 |t BK |y 0 | ||
| 852 | |a INST |b SAMOS |e 20000529 |h 005.453 KAP |p 005300019925 |q 005300019925 |t BK |y 0 | ||
| 901 | |a BIBL3-2000-2 | ||
| 909 | |a Σ |b 075049 | ||
| 909 | |a Σ |b 075048 | ||
| 922 | |a 3ΕΛΗ |b 200003 |c ΤΠΕΣ/ΤΑΚΤ |d ΠΑΠΑΣΩΤΗΡΙΟΥ | ||
| 970 | |a ΓΕΝΟΥΖΟΥ |b ΧΡΥΣΑΝΘΗ |z 2000/05/29 | ||